000
00248nam a22000977a 4500
999
_c
11296
_d
11296
008
190205b ||||| |||| 00| 0 eng d
020
_a
9781841261294
100
_a
Mildenberger
_9
7038
245
_a
Fit for Ever
260
_a
UK
_b
Meyer & Meyer Sport
_c
2004